000 00202nam a2200085 4500
001 1243885
005 20251017133055.0
245 _aBAŞARIYA GİDEN YOL
_cAHMET ŞERİF İZGÖREN
260 _bELMA YAYINEVİ
999 _c1243885
_d1243885